Statistics for Passenger Let Her Go lyrics

Click here to take the quiz!

General Stats

  • This quiz has been taken 1,120 times
  • The average score is 43 of 47

Answer Stats

HintAnswer% Correct
And youlet her go
100%
Only know you love her when youlet her go
100%
Well youlet her go
100%
And youlet her go
100%
And youlet her go
100%
Only know you love her when youlet her go
100%
Only know you love her when youlet her go
100%
Only know you love her when youlet her go
100%
Only know you love her when youlet her go
100%
Only know you love her when youlet her go
100%
Only know you love her when youlet her go
100%
Only know you love her when youlet her go
100%
Only know you love her when youlet her go
100%
And youlet her go
100%
Only know you love her when youlet her go
100%
Only miss the sun when itstarts to snow
95%
Only miss the sun when itstarts to snow
95%
Only miss the sun when itstarts to snow
95%
Only miss the sun when itstarts to snow
95%
Only miss the sun when itstarts to snow
95%
You see her when you close youreyes
92%
'Cause love comes slow and it goes sofast
90%
But dreams come so slow and they go sofast
90%
Maybe one day you'll understandwhy
89%
Everything you touch surelydies
87%
Sam old empty feeling in yourheart
87%
Only hate the road whenyou're missing home
87%
Only hate the road whenyou're missing home
87%
Only hate the road whenyou're missing home
87%
Only hate the road whenyou're missing home
87%
Only hate the road whenyou're missing home
87%
Only know you've been high whenyou're feeling low
86%
Only know you've been high whenyou're feeling low
86%
Only know you've been high whenyou're feeling low
86%
Only know you've been high whenyou're feeling low
86%
Only know you've been high whenyou're feeling low
86%
'Cause you only need the light whenit's burning low
84%
Well you only need the light whenits burning low
84%
'Cause you only need the light whenit's burning low
84%
Well you only need the light whenit's burning low
84%
But you only need the light whenits burning low
84%
'Cause you loved her too much and you dive toodeep
83%
Hoping one day you'll make a dreamlast
82%
Well you see her when you fallasleep
81%
But never to touch and never tokeep
78%
Staring at the bottom of yourglass
77%
Staring at the ceiling in thedark
74%

Score Distribution

Percentile by Number Answered

Percent of People with Each Score

Your Score History

You have not taken this quiz